Score 0/16 Timer 02:30
1 Play Today
Question Answer Wrong Answers
Flounder Fish
95.2%
Chips
2.4%
Perch Fish
94.4%
Chips
3.2%
Angler Fish
93.7%
Chips
3.8%
Yukon Gold Chips
92.2%
Fish
5.6%
Ranger Russet Chips
89.7%
Fish
7.8%
Mullet Fish
89.5%
Chips
7.9%
Tang Fish
84.4%
Chips
12.9%
Ozette Chips
74.9%
Fish
22.2%
Dottyback Fish
74.3%
Chips
22.8%
Nadine Chips
70.1%
Fish
27.1%
Kennebec Chips
69.6%
Fish
27.7%
Wrasse Fish
67.1%
Chips
30.2%
Betta Fish
63.2%
Chips
34.1%
Ratte Chips
60.9%
Fish
36.3%
Bintje Chips
55.9%
Fish
41.7%
Adirondack Blue Chips
52.6%
Fish
45%

Today's Daily Dose

Remove Ads.
Support Sporcle.
Get the best of Sporcle when you Go Orange. This ad-free experience offers more features, more stats, and more fun while also helping to support Sporcle. Thank you for becoming a member.

You're not logged in!

Compare scores with friends on all Sporcle quizzes.
OR
Log In

Sporcle TV

Today on Sporcle TV


Watch our educational content, quiz creation guides, and fun videos on Sporcle TV.

Show Comments

Extras

Top Quizzes Today


Score Distribution

Paid Content

Your Account Isn't Verified!

In order to create a playlist on Sporcle, you need to verify the email address you used during registration. Go to your Sporcle Settings to finish the process.

Report this User

Report this user for behavior that violates our Community Guidelines.

Details: